000 00978cam a2200313 i 4500
999 _c5852
_d5852
001 4645640
003 OSt
005 20220624104745.0
008 790829s1979 caua b 001 0 eng b
010 _a 79021012
020 _a0716711508
020 _a0716711516 (pbk.)
040 _aDLC
_cALUPE UNIVERSITY
_dDLC
050 0 0 _aQP376
_b.B69
060 _aWL300.3 B814
082 0 0 _a612/.82
245 0 4 _aThe Brain.
260 _aSan Francisco :
_bW. H. Freeman,
_cc1979.
300 _a149 p. :
_bill. ;
_c30 cm.
500 _a"A Scientific American book."
500 _a"The chapters ... originally appeared as articles in the September 1979 issue of Scientific American."
500 _aIncludes Bibliographical references and index.
504 _aBibliography: p. [143]-144.
650 0 _aBrain.
650 2 _aBrain
_xPhysiology
_xCollected works.
730 _aScientific American.
906 _a7
_bcbc
_corignew
_d1
_eocip
_f19
_gy-gencatlg
942 _2lcc
_cBK
_nAB